| 000 | 01122cad a22002295a 4500 | ||
|---|---|---|---|
| 001 | L153630 | ||
| 008 | 110811s2011 xxk 000 0 eng d | ||
| 035 | _a(Sirsi) u153630 | ||
| 041 | 0 | _aeng | |
| 110 | 2 |
_aJones Lang LaSalle _93755 |
|
| 245 | 0 | 0 |
_aGlobal market perspective _bthird quarter 2011 |
| 260 |
_a[S.l.] _bJones Lang LaSalle _c2011 |
||
| 490 |
_aJones Lang LaSalle Global Market Perspective Global Foresight Series _vQ3 2011- |
||
| 520 | _aComprehensive overview of the global real estate market covering the global economy, global property capital and leasing markets outlook, global real estate health monitor, real estate capital, corporate occupiers, office, retail, industrial warehousing, hotels, and residential markets, with recent key transactions. | ||
| 590 | _aKA NTK | ||
| 650 | 2 | 4 | _aJONES LANG LASALLE GLOBAL MARKET PERSPECTIVE |
| 651 | 4 | _aInternational | |
| 690 | _aPROPERTY-PROPERTY FINANCE AND INVESTMENT | ||
| 690 | _aPROPERTY-PROPERTY MARKET | ||
| 856 | 4 | 0 |
_uhttps://www.jll.com/research/16/global-market-perspective-q3-2011 _zView the report free of charge at www.jll.com. |
| 942 | _n0 | ||
| 999 |
_c83345 _d83345 |
||